000 00336nam a22001337a 4500
005 20260225160419.0
020 _a978-93-6224-973-9
082 _a639.2PRI/M
245 _aMarine Fisheries Management/
_ced by Marcus Prill
260 _a.-Newdelhi
_b:DPH
_c,2025
300 _a219p
700 _aPrill,Marcus ed
_910978
942 _2ddc
_cBK
999 _c757049
_d757049